[Event "FIDE World Rapid 2014"]
[Site "Dubai UAE"]
[Date "2014.06.16"]
[Round "2.10"]
[White "Maletin,P"]
[Black "Dreev,A"]
[Result "1/2-1/2"]
[WhiteElo "2588"]
[BlackElo "2667"]

1.c4 c6 2.Nf3 d5 3.d4 Nf6 4.Nc3 e6 5.Bg5 Nbd7 6.e3 Qa5 7.cxd5 Nxd5 8.Qd2 Bb4
9.Rc1 h6 10.Bh4 b6 11.Bd3 Ba6 12.O-O O-O 13.e4 Bxd3 14.Qxd3 Nf4 15.Qd2 Ng6
16.Bg3 f5 17.exf5 exf5 18.Qc2 Kh7 19.Ne2 Qxa2 20.Qxc6 Nf6 21.Qb5 a5 22.Qxf5 Qd5
23.Ne5 Qe4 24.Qxg6+ Qxg6 25.Nxg6 Kxg6 26.Rc6 Rac8 27.Rxb6 Kh7 28.Rb7 Rc2
29.Nf4 Rxb2 30.Ne6 Re8 31.d5 Re7 32.Rxe7 Bxe7 33.d6 Bxd6 34.Bxd6 Rb6 35.Nf8+ Kg8
36.Ba3 Kf7 37.Ra1 Rb7 38.f3 Nd5 39.Rd1 Rb5 40.Nd7 Nc3 41.Rd3 Rb3 42.Ne5+ Ke6
43.Bd6 a4 44.Bc7 Nb5 45.Bb8 Rb1+ 46.Kf2 a3 47.Nc4 a2 48.Be5 Rc1 49.Bxg7 Rxc4
50.Rd2 Ra4 51.Ba1 Nd6 52.g4 Nf7 53.Re2+ Kd7 54.h4 h5 55.Kg3 hxg4 56.fxg4 Nh6
57.Rd2+ Ke6 58.Rd4 Ra3+ 59.Kg2 Rb3 60.Ra4 Nxg4 61.Rxa2 Ne3+ 62.Kf2 Ng4+ 63.Kg2 Ne3+
64.Kf3 Nf5+ 65.Kg4 Rb4+ 66.Kg5 Nxh4 67.Re2+  1/2-1/2

[Event "FIDE World Rapid 2014"]
[Site "Dubai UAE"]
[Date "2014.06.16"]
[Round "3.15"]
[White "Dreev,A"]
[Black "Nguyen Ngoc Truong Son"]
[Result "1/2-1/2"]
[WhiteElo "2667"]
[BlackElo "2621"]

1.d4 d5 2.c4 c6 3.Nf3 Nf6 4.e3 e6 5.b3 Nbd7 6.Bd3 Ne4 7.O-O Bd6 8.Ba3 Bxa3
9.Nxa3 Qe7 10.Qc1 O-O 11.Nc2 a5 12.Qa3 Qxa3 13.Nxa3 Nef6 14.Rfc1 Re8 15.Bf1 Nb8
16.Ne5 Nfd7 17.Nd3 b6 18.Nb1 Bb7 19.Nc3 Nf6 20.Rc2 Nbd7 21.Rac1 Rec8 22.Na4 Kf8
23.f3 Rab8 24.Kf2 Ke7 25.Be2 Rd8 26.Nc3 Rbc8 27.a3 c5 28.cxd5 cxd4 29.exd4 exd5
30.h4 Nf8 31.Ne5 Ne6 32.Ke3 Ne8 33.Na4 Rxc2 34.Rxc2 Nd6 35.Bd3 Rc8 36.Nxb6 Rxc2
37.Bxc2 Nb5 38.Bxh7 Nbxd4 39.b4 axb4 40.axb4 g6 41.h5 gxh5 42.Bd3 Nb3 43.Bc2 Nbd4
44.Bb1 Nb5 45.Bd3 d4+ 46.Kd2 Nc3 47.Nbc4 Nd5 48.Na5 Bc8 49.b5 h4 50.Nac4 Nef4
51.Bf1 Bb7 52.Nd3 Ne6 53.b6 Ba8 54.Nde5 Nef4 55.Nd3 Ne6 56.Ne1 f6 57.Nc2 Kd7
58.Bd3 Kc6 59.Be4 Kc5 60.Nb2 Nxb6 61.Nd3+ Kd6 62.Bf5 Ng7 63.Bh3 Kd5 64.Nf4+ Kc4
65.Ne2 Bc6 66.Ncxd4 Bd7 67.Bxd7 Nxd7 68.Ke3 Ne5 69.Nf4 Kc5 70.Ke4 Nc4 71.Nde6+ Nxe6
72.Nxe6+ Kd6 73.Nd4 Nd2+ 74.Kf4 Ke7 75.Nf5+ Ke6 76.Nxh4 Nc4 77.Nf5 Ne5 78.Nd4+ Kd5
79.Nb5 Ng6+ 80.Kg4 Ke6 81.Nd4+ Kf7 82.f4 Ne7 83.g3 Kg6 84.f5+ Kf7 85.Ne6 Nc6
86.Kf4 Ne5 87.Ng5+ Ke7 88.Nf3 Nf7 89.Nd2 Ne5 90.Ke4 Nf7 91.Nc4 Nh6 92.Ne3 Ng8
93.Nd5+ Kf7 94.Kd4 Nh6 95.Ne3 Ke7 96.Kd5 Kd7 97.Kc5 Ng8 98.Nd5 Nh6 99.Ne3 Nf7
100.Kd4 Nh6 101.Kc5 Nf7 102.Kd4 Nh6 103.Kd5 Nf7 104.Kd4 Nh6 105.Ke4 Ke7 106.Nd5+ Kf7
107.Kf4 Kg7 108.Nc7 Kf7 109.Nb5 Ke7 110.Nc3 Kd6 111.Ne4+ Ke7 112.g4 Nf7 113.Nc5 Nd6
114.Ke3 Nf7 115.Ke4 Nh6 116.Kf4 Nf7 117.Ne4 Nd8 118.Nc3 Kd6 119.Nb5+ Ke7
120.Nd4 Nf7 121.Ne6 Nd6 122.Kg3 Nc4 123.Kh4 Kf7 124.Kh5 Ne5 125.Nf4 Kg7 126.Ng6 Nf3
127.Ne7 Kf7 128.Nc6 Kg7 129.Nd8 Kh7 130.Ne6 Ne5 131.Kh4 Kg8 132.Kg3 Kf7 133.Nc5 Nc6
134.Kf4 Ne7 135.Ke4 Ng8 136.Nd3 Nh6 137.Nf2 Ke7 138.Kd5 Kd7 139.Kd4 Kd6 140.Ke4 Nf7
141.Kf4 Ke7 142.Ne4 Nd8 143.g5 fxg5+ 144.Kxg5 Ne6+ 145.Kg6 Nf4+ 146.Kg7 Nd5
147.Nc3 Nf6 148.Ne2 Nd7 149.Nf4 Kd6 150.Ng6 Kd5 151.Kf7 Ke4 152.Ke6 Nc5+
153.Kf6 Nd7+ 154.Kg5 Kd5 155.Nf4+ Ke5 156.Nh5 Nf8 157.Ng7 Nh7+ 158.Kg6 Nf8+
159.Kf7 Nh7  1/2-1/2

[Event "FIDE World Rapid 2014"]
[Site "Dubai UAE"]
[Date "2014.06.16"]
[Round "4.17"]
[White "Sokolov,Ivan"]
[Black "Dreev,A"]
[Result "1/2-1/2"]
[WhiteElo "2650"]
[BlackElo "2667"]

1.d4 d5 2.c4 c6 3.Nf3 Nf6 4.cxd5 cxd5 5.Nc3 Nc6 6.Bf4 e6 7.e3 Bd6 8.Bg5 Qb6
9.Qb3 Qxb3 10.axb3 Bd7 11.Bxf6 gxf6 12.Be2 Ke7 13.O-O f5 14.Rfc1 Rhc8 15.g3 Nb4
16.Ne1 a6 17.Na4 Rxc1 18.Rxc1 Rc8 19.Rxc8 Bxc8 20.Nb6 Bd7 21.Nxd7 Kxd7 22.Kf1 Nc6
23.Nd3 Nb4 24.Ke1 Nxd3+ 25.Bxd3 Bb4+ 26.Ke2 Ke7 27.Kd1 h6 28.Ke2 Kd6 29.Kd1 Kc6
30.Ke2 Kb6 31.Kd1 Kc7 32.Be2 Kd6 33.Bh5 Ke7 34.Ke2 Kf6 35.Kd1 Ba5 36.Ke2 Bb4
37.Kd1 Ba5 38.Ke2 Bb4  1/2-1/2

[Event "FIDE World Rapid 2014"]
[Site "Dubai UAE"]
[Date "2014.06.17"]
[Round "6.18"]
[White "Dubov,Daniil"]
[Black "Dreev,A"]
[Result "0-1"]
[WhiteElo "2614"]
[BlackElo "2667"]

1.d4 d5 2.c4 c6 3.Nf3 Nf6 4.e3 Bg4 5.h3 Bh5 6.Nc3 e6 7.g4 Bg6 8.Ne5 Nbd7
9.Nxg6 hxg6 10.Bd2 Bb4 11.cxd5 exd5 12.Bd3 Qe7  0-1

[Event "FIDE World Rapid 2014"]
[Site "Dubai UAE"]
[Date "2014.06.17"]
[Round "7.11"]
[White "Dreev,A"]
[Black "Bologan,V"]
[Result "1/2-1/2"]
[WhiteElo "2667"]
[BlackElo "2661"]

1.d4 f5 2.c4 Nf6 3.Nc3 d6 4.Bg5 Nbd7 5.Qc2 g6 6.e3 Bg7 7.h4 c6 8.Nh3 Qa5
9.Nf4 Nf8 10.Bxf6 Bxf6 11.d5 e5 12.dxe6 Nxe6 13.Ne2 Qb4 14.O-O-O Qxc4 15.Rxd6 Qc5
16.Rd2 Bd7 17.g3 O-O-O 18.Bg2 Be8 19.Rxd8+ Bxd8 20.Rd1 Bf6 21.Qd2 Rf8 22.Kb1 Rf7
23.Nd4 Qd6 24.Qc2 Nxd4 25.exd4 Kb8 26.d5 c5 27.Ne2 Be5 28.Nc1 Re7 29.Nb3 Ba4
30.Re1 Bd4 31.Rxe7 Qxe7 32.Qd2 Bxb3 33.axb3 a6 34.b4 Ka7 35.Bf3 Qd6 36.Ka2 Qb6
37.bxc5 Qxc5 38.Kb1 h5 39.Bd1 Bxf2 40.d6 Bxg3 41.d7 Bxh4 42.d8=Q Bxd8 43.Qxd8 Qg1
44.Ka2 Qb6 45.Qg5 Qa5+ 46.Kb1 Qe1 47.Kc2 h4 48.Qxg6 Qe4+ 49.Kc3 Qe3+ 50.Kc2 Qf2+
51.Kc1 h3 52.Qh5 Qe3+ 53.Kc2 Qc5+ 54.Kb1 Qg1 55.Kc2 Qf2+ 56.Kb1 Qe1 57.Ka2 Qa5+
58.Kb1 Qe1 59.Ka2 Qa5+ 60.Kb1  1/2-1/2

[Event "FIDE World Rapid 2014"]
[Site "Dubai UAE"]
[Date "2014.06.17"]
[Round "8.12"]
[White "Van Wely,L"]
[Black "Dreev,A"]
[Result "1/2-1/2"]
[WhiteElo "2654"]
[BlackElo "2667"]

1.c4 c6 2.Nf3 d5 3.e3 Nf6 4.Nc3 e6 5.b3 Bd6 6.Qc2 O-O 7.Bb2 e5 8.cxd5 cxd5
9.Nb5 Nc6 10.Nxd6 Qxd6 11.d4 e4 12.Ne5 Ne7 13.Qc5 Qxc5 14.dxc5 Be6 15.Rc1 Rac8
16.Be2 Rfd8 17.f3 Ne8 18.O-O Nf5 19.fxe4 dxe4 20.Bg4 Nxe3 21.Bxe6 fxe6 22.Rfe1 Nf5
23.Rxe4 Nf6 24.Re2 Nd5 25.g3 Rc7 26.a3 a5 27.Nc4 Rxc5 28.Rxe6 a4 29.bxa4 Rdc8
30.Rd1 Rxc4 31.Rxd5 Rc2 32.Rxf5 Rxb2 33.Rf2 Rxf2 34.Kxf2 Rc4 35.Re8+ Kf7
36.Rb8 Rxa4 37.Rxb7+ Kf6 38.Rb3 g5 39.Ke3 h5 40.Kd3 h4 41.Kc3 hxg3 42.hxg3 Kg6
43.Kb2 Re4 44.Rc3 Kf5 45.Kb3 Kg4 46.a4 Kh3 47.a5 g4 48.Kb2 Re2+ 49.Kb3 Re4
50.Rd3 Kh2 51.Kb2 Re2+ 52.Ka3 Re4 53.Rc3 Kh3 54.Kb3 Rd4 55.Kb2 Rd2+ 56.Ka3 Rd4
57.Kb3 Re4 58.Rd3 Kh2 59.Kb2 Re2+ 60.Kb1 Re1+ 61.Ka2 Re2+ 62.Ka3 Re4 63.Rb3 Kh3
64.Kb2 Re2+ 65.Kb1 Re1+ 66.Ka2 Re5 67.Ra3 Rxa5 68.Rxa5 Kxg3 69.Kb2 Kf4 70.Kc2 g3
71.Ra8 g2 72.Rg8 Kf3 73.Kd2 Kf2 74.Rf8+ Kg3 75.Ke2 g1=Q 76.Rg8+ Kh2 77.Rxg1 Kxg1  1/2-1/2

[Event "FIDE World Rapid 2014"]
[Site "Dubai UAE"]
[Date "2014.06.17"]
[Round "9.11"]
[White "Dreev,A"]
[Black "Laznicka,V"]
[Result "1-0"]
[WhiteElo "2667"]
[BlackElo "2679"]

1.d4 d5 2.c4 c6 3.Nf3 Nf6 4.e3 a6 5.Qc2 Bg4 6.Nbd2 e6 7.Bd3 dxc4 8.Nxc4 Bxf3
9.gxf3 c5 10.dxc5 Bxc5 11.a3 b5 12.Ne5 Nbd7 13.Nxd7 Nxd7 14.Bd2 Rc8 15.Bc3 Be7
16.Rd1 Qb6 17.Qd2 Bf6 18.Ba5 Qa7 19.Be2 Nc5 20.Qd6 Be7 21.Qe5 Bf6 22.Qd6 Be7
23.Qe5 Bf6 24.Qd6 Qb7 25.O-O Rc6 26.Qd8+ Bxd8 27.Rxd8+ Ke7 28.Rxh8 e5 29.Bd8+ Ke6
30.b4 Qd7 31.bxc5 Qd2 32.Bd1 Kf5 33.Bh4 g5 34.Bg3 Rxc5 35.Bb3 f6 36.Bf7 e4
37.fxe4+ Kxe4 38.Kg2 Kf5 39.Re8 g4  1-0

[Event "FIDE World Rapid 2014"]
[Site "Dubai UAE"]
[Date "2014.06.17"]
[Round "10.8"]
[White "Yu Yangyi"]
[Black "Dreev,A"]
[Result "1-0"]
[WhiteElo "2675"]
[BlackElo "2667"]

1.e4 c6 2.d4 d5 3.Nc3 dxe4 4.Nxe4 Bf5 5.Ng3 Bg6 6.h4 h6 7.Nf3 e6 8.h5 Bh7
9.Bd3 Bxd3 10.Qxd3 Nf6 11.Bd2 c5 12.Ne4 Nc6 13.Bc3 Be7 14.O-O-O Qd5 15.Nxf6+ Bxf6
16.dxc5 Qxc5 17.Bxf6 gxf6 18.Qd7+ Kf8 19.Qxb7 Rb8 20.Qc7 Kg7 21.Nd4 Qxd4
22.Qg3+ Kh7 23.Rxd4 Nxd4 24.Qd3+ Nf5 25.g4 Rhd8 26.Qe4 Rd4 27.Qf3 Nd6 28.Qxf6 Rxg4
29.Rd1 Rb6 30.Qe7 Nf5 31.Qxa7 Rc6 32.Qxf7+ Rg7 33.Qe8  1-0

[Event "FIDE World Rapid 2014"]
[Site "Dubai UAE"]
[Date "2014.06.18"]
[Round "11.14"]
[White "Dreev,A"]
[Black "Adly,A"]
[Result "1-0"]
[WhiteElo "2667"]
[BlackElo "2594"]

1.d4 Nf6 2.c4 e6 3.Nc3 d5 4.cxd5 Nxd5 5.e4 Nxc3 6.bxc3 c5 7.a3 Be7 8.Nf3 O-O
9.Bd3 cxd4 10.cxd4 b6 11.Qe2 Nc6 12.Bb2 Bb7 13.O-O Rc8 14.Rad1 Na5 15.Rfe1 Qc7
16.d5 Nb3 17.Be5 Qc5 18.Rb1 Qxa3 19.Bb5 exd5 20.exd5 Bxd5 21.Bb2 Qc5 22.Qxe7 Bxf3
23.Bd7 Rc7 24.gxf3 Qxe7 25.Rxe7 Nc5 26.Rd1 a5 27.Ba3 g6 28.Re8 Rxd7 29.Rxf8+ Kxf8
30.Rxd7  1-0

[Event "FIDE World Rapid 2014"]
[Site "Dubai UAE"]
[Date "2014.06.18"]
[Round "12.10"]
[White "Naiditsch,A"]
[Black "Dreev,A"]
[Result "1-0"]
[WhiteElo "2705"]
[BlackElo "2667"]

1.e4 c6 2.d4 d5 3.exd5 cxd5 4.c4 Nf6 5.Nc3 Nc6 6.Bg5 Be6 7.Be2 Qa5 8.Bf3 dxc4
9.d5 O-O-O 10.Bd2 Nxd5 11.Nxd5 Rxd5 12.Bxa5 Rxd1+ 13.Rxd1 Nxa5 14.Bd5 Bxd5
15.Rxd5 e6 16.Rd1 Be7 17.Rc1 b5 18.b3 Ba3 19.Rc2 Nc6 20.Ne2 Nb4 21.Rd2 Nd3+
22.Kf1 Kb7 23.bxc4 bxc4 24.g3 Rc8 25.Kg2 Bb4 26.Rb1 Ka6 27.Rdd1 Ba5 28.Nd4 e5
29.Nf5 Rc6 30.Ne3 e4 31.f3 c3 32.Nc2 f5 33.fxe4 fxe4 34.Rb3 Re6 35.Ra3 Rb6
36.Rb3 Re6 37.a3 Rc6 38.Rf1 Re6 39.Rf5 e3 40.Rd5 Ne5 41.Nd4 Re8 42.Rd6+ Bb6
43.Rxc3 Ng4 44.Rc2 Ne5 45.Ne2 Rf8 46.Nf4 Rf5 47.Nd5 Nf7 48.Rd7 Ne5 49.Nxb6 Nxd7
50.Nxd7 Rd5 51.Nc5+ Kb5 52.Ne4 Rd3 53.Nc3+ Kc4 54.Ne2+ Kb5 55.Rb2+ Ka4 56.Rb7 a5
57.Rxg7 Kxa3 58.Rxh7 a4 59.Ra7 Kb4 60.h4 a3 61.Kf3 Rd6 62.g4 Kb3 63.g5 Rd1
64.g6 a2 65.g7  1-0

[Event "FIDE World Rapid 2014"]
[Site "Dubai UAE"]
[Date "2014.06.18"]
[Round "13.18"]
[White "Dreev,A"]
[Black "Fedoseev,Vl3"]
[Result "0-1"]
[WhiteElo "2667"]
[BlackElo "2662"]

1.d4 d5 2.c4 e6 3.Nc3 Bb4 4.cxd5 exd5 5.Nf3 Ne7 6.Qa4+ Nbc6 7.Bf4 O-O 8.h3 Ng6
9.Bg5 Qe8 10.Qb3 a5 11.Bd2 a4 12.Qc2 Bxc3 13.Bxc3 f5 14.g3 f4 15.g4 b6 16.Bg2 Ba6
17.O-O Qxe2 18.Qxa4 Bb5 19.Qd1 Qe7 20.Re1 Qf6 21.a4 Ba6 22.b4 Bb7 23.Qe2 Nd8
24.a5 bxa5 25.bxa5 Ba6 26.Qc2 Nc6 27.g5 Qd6 28.Bb2 Rfe8 29.Ba3 Qd7 30.Rxe8+ Rxe8
31.Rc1 Bc4 32.Qa4 Ra8 33.Bb4 Ra6 34.Bd2 Qe6 35.Rxc4 dxc4 36.Qb5 Na7 37.Qb7 Qc8
38.Qd5+ Kh8 39.Bb4 Nc6 40.Bc3 Nce7 41.Qxc4 Rd6 42.Bb4 Rc6 43.Bc5 Nf5 44.d5 Ra6
45.Bb4 Ra8 46.Bc3 Qd8 47.Qe4 Nfh4 48.d6 Nxf3+ 49.Bxf3 Qxg5+ 50.Kh2 Rg8 51.a6 Qc5
52.Bd4 Qxd6 53.a7 c6 54.Qxc6 Qxd4 55.a8=Q Qxf2+ 56.Bg2 Qg3+ 57.Kh1 Ne7 58.Bd5 Qxh3+
59.Kg1 Rxa8 60.Qxa8+ Qc8 61.Qa2 Qc5+  0-1

[Event "FIDE World Rapid 2014"]
[Site "Dubai UAE"]
[Date "2014.06.18"]
[Round "14.22"]
[White "Matlakov,M"]
[Black "Dreev,A"]
[Result "1/2-1/2"]
[WhiteElo "2689"]
[BlackElo "2667"]

1.Nf3 d5 2.g3 c6 3.Bg2 Bf5 4.c4 e6 5.cxd5 exd5 6.O-O Nf6 7.d3 Bc5 8.Qb3 Bb6
9.Nc3 O-O 10.Na4 Re8 11.Nxb6 axb6 12.Re1 Nbd7 13.Qc3 h6 14.b4 c5 15.a4 Rc8
16.Bd2 c4 17.Qd4 Nf8 18.Rac1 Ne6 19.Qe5 Bh7 20.dxc4 dxc4 21.Red1 Nc5 22.bxc5 Rxe5
23.Nxe5 Qe7 24.Nxc4 bxc5 25.Bf4 Qxe2 26.Re1 Qa2 27.Bxb7 Ng4 28.Rf1 Rd8 29.Ne3 Nxe3
30.Bxe3 c4 31.Ra1 Qb3 32.Bf3 c3 33.a5 Bd3 34.a6 Bxf1 35.Rxf1 Qa3 36.a7 Re8
37.Rc1 Kh7 38.Kg2 h5 39.h4 g6 40.Rc2 Qb3 41.Rc1 Qa3 42.Rc2 Qa5 43.Kh2 Qf5
44.Bd1 Qd5 45.Be2 Rxe3 46.fxe3 Qa5 47.Rxc3 Qxa7 48.Kg2 Qa5 49.Rd3 Qf5 50.Rd4 Kg7
51.Rf4 Qc2 52.Kf2 Qc1 53.Bf3 Qb2+ 54.Be2 Qb6 55.Rd4 Qe6 56.Rf4 f6 57.Rd4 Kh6
58.Rf4 g5 59.hxg5+ fxg5 60.Rd4 Qh3 61.Bf1 Qf5+ 62.Kg2 Qc2+ 63.Kg1 Qc7 64.Kg2 Qb7+
65.Kf2 Qf7+ 66.Kg2 Qe6 67.Kf2 Qf6+ 68.Kg2 Qe5 69.Kf2 h4 70.gxh4 Qh2+ 71.Kf3 gxh4
72.Rg4 Kh5 73.Rg7 Qe5 74.Rg1 Qf5+ 75.Ke2 Qe4 76.Kf2 Qf5+ 77.Ke2 Kh6 78.Rh1 Qc2+
79.Kf3 Qc6+ 80.e4 Qc3+ 81.Kf2 Qd4+ 82.Kf3 Qf6+ 83.Ke2 Qb2+ 84.Kf3 Qc3+ 85.Kf2 Kg5
86.Rh3 Qd4+ 87.Kg2 Qxe4+ 88.Kg1 Qd4+ 89.Kg2 Qf6 90.Kg1 Kg4 91.Rd3 Qb6+ 92.Kg2 Qg6
93.Kg1 Kf4+ 94.Kh2 Qg7 95.Kh1 Qa1 96.Kg1 Qe1 97.Rh3 Kg4 98.Rd3 Qc1 99.Rd4+ Kg5
100.Rd3 Qe1 101.Rh3 Kf4 102.Rd3 Qe5 103.Rh3 Qg5+ 104.Kh1 Kg4 105.Kg1 Qc5+
106.Kg2 Qd5+ 107.Kg1 Qd4+ 108.Kg2 Qd1 109.Kg1 Qc2 110.Rd3 Qb2 111.Rh3  1/2-1/2

[Event "FIDE World Rapid 2014"]
[Site "Dubai UAE"]
[Date "2014.06.18"]
[Round "15.22"]
[White "Sargissian,G"]
[Black "Dreev,A"]
[Result "1/2-1/2"]
[WhiteElo "2686"]
[BlackElo "2667"]

1.c4 c6 2.d4 d5 3.Nc3 Nf6 4.e3 e6 5.Nf3 Nbd7 6.Qc2 b6 7.cxd5 cxd5 8.Bd3 Bb7
9.O-O Rc8 10.Qe2 Bd6 11.Bd2 Ne4 12.Rfc1 Nxd2 13.Nxd2 O-O 14.Ba6 Qc7 15.g3 Qb8
16.Rc2 Rc7 17.Rac1 Rfc8 18.Nf3 Bb4 19.Bxb7 Qxb7 20.Nb5 Rxc2 21.Rxc2 a6 22.a3 Be7
23.Rxc8+ Qxc8 24.Nc3 b5 25.Qd3 Nb6 26.Nd2 Qc6 27.Kf1 g6 28.Ke2 f6 29.h4 Kg7
30.Kd1 Bd6 31.Qc2 Qd7 32.Na2 Qb7 33.Nb4 Nc4 34.Nd3 e5 35.dxe5 fxe5 36.b3 Nxd2
37.Kxd2 Kf6 38.b4 Qc7 39.Qxc7 Bxc7 40.Nc5 a5 41.e4 axb4 42.axb4 d4 43.Nd3 g5
44.hxg5+ Kxg5 45.f3 h5 46.Ke2 h4 47.gxh4+ Kxh4 48.Kf2 Kg5 49.Kg3 Bd6 50.Kf2 Kf6
51.Kg3 Kg5 52.Kf2 Kf6 53.Kg3 Kg5 54.Kf2  1/2-1/2

[Event "FIDE World Blitz 2014"]
[Site "Dubai UAE"]
[Date "2014.06.19"]
[Round "1.29"]
[White "Dreev,A"]
[Black "Kovalev,Vl"]
[Result "1-0"]
[WhiteElo "2667"]
[BlackElo "2554"]

1.d4 Nf6 2.c4 g6 3.Nc3 d5 4.Nf3 Bg7 5.e3 O-O 6.Bd2 c5 7.dxc5 Nc6 8.Be2 e5
9.cxd5 Nxd5 10.e4 Nf4 11.O-O Be6 12.Bxf4 exf4 13.Qc1 g5 14.Rd1 Qe7 15.h4 g4
16.Ng5 f3 17.Bf1 h6 18.Nxe6 fxe6 19.g3 Qxc5 20.Nb5 Qxc1 21.Raxc1 Bxb2 22.Rb1 Be5
23.Bc4 Rfd8 24.Bxe6+ Kg7 25.Bd5 Kf6 26.Na3 Nd4 27.Rxb7 Rab8 28.Rdb1 Rxb7
29.Rxb7 Rb8 30.Rxb8 Bxb8 31.Nc4 Bc7 32.Kf1 h5 33.Ke1 Nb5 34.Kd2 Ke7 35.Kd3 Nd6
36.Ne3 Bb6 37.Bb3 Nf7 38.Nd5+ Kd6 39.Nxb6 Ne5+ 40.Ke3 axb6 41.Kd4 Nc6+ 42.Kc4 Ne5+
43.Kc3 Kc5 44.a3 b5 45.Bd5 Nd7 46.Bf7 Nf6 47.Kd3 Kd6 48.Kd4 Ke7 49.Bg6 Nd7
50.Bxh5 Nf6 51.Bg6 Ke6 52.Bf5+ Ke7 53.e5  1-0

[Event "FIDE World Blitz 2014"]
[Site "Dubai UAE"]
[Date "2014.06.19"]
[Round "2.17"]
[White "Maletin,P"]
[Black "Dreev,A"]
[Result "0-1"]
[WhiteElo "2588"]
[BlackElo "2667"]

1.c4 c6 2.Nf3 d5 3.g3 g6 4.Bg2 Bg7 5.Qa4 Nd7 6.cxd5 Nb6 7.Qh4 cxd5 8.Nc3 Nh6
9.d3 Nf5 10.Qb4 O-O 11.O-O e5 12.Bg5 f6 13.Bd2 Be6 14.Rac1 Re8 15.Nb5 a5
16.Qc3 d4 17.Qc7 Nd5 18.Qxb7 Rb8 19.Qa6 Bc8 20.Qc6 Nfe7 21.Qc5 Bf8 22.Nd6 Nf5
23.Qxd5+ Be6 24.Qxa5 Qxd6 25.b3 Ra8 26.Qb5 Reb8 27.Qc6 Rxa2 28.b4 Qxc6 29.Rxc6 Bd5
30.Nxe5 Bxg2 31.Kxg2 fxe5 32.Bg5 Rxe2 33.Rfc1 Bxb4 34.Kf3 Rb2 35.Bf6 Rf8
36.Bxe5  0-1

[Event "FIDE World Blitz 2014"]
[Site "Dubai UAE"]
[Date "2014.06.19"]
[Round "3.5"]
[White "Dreev,A"]
[Black "Le Quang Liem"]
[Result "1/2-1/2"]
[WhiteElo "2667"]
[BlackElo "2712"]

1.d4 Nf6 2.c4 g6 3.Nc3 d5 4.Nf3 Bg7 5.e3 O-O 6.Bd2 e6 7.Rc1 Ne4 8.Bd3 Nxd2
9.Qxd2 Nc6 10.O-O a6 11.Rfd1 Ne7 12.b4 dxc4 13.Bxc4 b6 14.Qe2 Bb7 15.h3 Qd6
16.a3 Rfd8 17.Bd3 Nd5 18.Nxd5 exd5 19.Rc3 c6 20.Rdc1 a5 21.b5 Rdc8 22.bxc6 Rxc6
23.Bb5 Rxc3 24.Rxc3 Rc8 25.Qc2 Qb8 26.a4 Bf8 27.Ne5 Bd6 28.Nc6 Qa8 29.Ne5 Qb8
30.Nc6 Qa8 31.Ne5 Kg7  1/2-1/2

[Event "FIDE World Blitz 2014"]
[Site "Dubai UAE"]
[Date "2014.06.19"]
[Round "4.8"]
[White "Sargissian,G"]
[Black "Dreev,A"]
[Result "1/2-1/2"]
[WhiteElo "2686"]
[BlackElo "2667"]

1.d4 d5 2.c4 c6 3.Nc3 Nf6 4.cxd5 cxd5 5.Bf4 Nc6 6.e3 Bg4 7.Qb3 Na5 8.Qa4+ Bd7
9.Qc2 e6 10.Nf3 Nh5 11.Bg5 f6 12.Bh4 g5 13.Bg3 Nc6 14.Be2 g4 15.Nh4 f5 16.O-O Be7
17.Nxd5 Nxg3 18.hxg3 Bxh4 19.Nf4 Bg5 20.d5 exd5 21.Nxd5 Be6 22.Rfd1 Rc8 23.Nf4 Qe7
24.Nxe6 Qxe6 25.Bc4 Qf6 26.Qb3 Rc7 27.Rd5 Ne7 28.Rd3 Kf8 29.Rad1 Kg7 30.Rd7 Rhc8
31.Be6 Rxd7 32.Bxd7 Rd8 33.Qxb7 Qb6 34.Qxb6 axb6 35.Ba4 Rxd1+ 36.Bxd1 Bf6
37.b3 Be5 38.e4 h5 39.exf5 Nxf5 40.Kf1 Nd4 41.a4 Bd6 42.f3 gxf3 43.gxf3 Bxg3
44.b4 Bc7 45.f4 h4 46.Kg2 Bxf4 47.Kh3 Bg3 48.a5 bxa5 49.bxa5 Nc6 50.a6 Na7
51.Be2 Kf6 52.Bd3 Ke5 53.Be2 Kd4 54.Bf1 Kc5 55.Bd3 Kd4 56.Bf1 Ke3 57.Bc4 Kf4
58.Kg2 Kg4 59.Be2+ Kg5 60.Kh3 Bb8 61.Kg2 Nc6 62.Bb5 Ne5 63.Ba4 Nd3 64.Bd7 Nf4+
65.Kf3 Ba7 66.Bc8 Bb8 67.Bd7 Ng6 68.Bc8 Ba7 69.Kg2 Nf4+ 70.Kf3 Bg1 71.Bd7 h3
72.Bxh3 Nxh3 73.Ke4 Kf6 74.Kd5 Ke7 75.Kc6 Nf4 76.Kb7 Ne6 77.a7 Nd8+ 78.Ka6 Bxa7
79.Kxa7  1/2-1/2

[Event "FIDE World Blitz 2014"]
[Site "Dubai UAE"]
[Date "2014.06.19"]
[Round "5.13"]
[White "Dreev,A"]
[Black "Bartel,Mat"]
[Result "1-0"]
[WhiteElo "2667"]
[BlackElo "2641"]

1.d4 f5 2.c4 Nf6 3.Nc3 g6 4.h4 d6 5.h5 Nxh5 6.Rxh5 gxh5 7.e4 fxe4 8.Qxh5+ Kd7
9.Be2 c6 10.Nxe4 Kc7 11.Nf3 Bg7 12.c5 b5 13.Bf4 Bf8 14.Qf7 Qd7 15.Ne5 Qe6
16.Nxd6 Qxf7 17.Ndxf7 Rg8 18.Nxc6+ Kxc6 19.Bf3+ Kd7 20.Ne5+ Ke6 21.Bxa8 Nd7
22.Kf1 Nf6 23.Re1 Kf5 24.Bd2 Be6 25.Nf3 Bxa2 26.Re5+ Kg6 27.Rg5+ Kf7 28.Ne5+ Ke6
29.Rxg8 Nxg8 30.Bc6 Bg7 31.Bxb5 Bxe5 32.dxe5 Kxe5 33.c6 Kd6 34.Bb4+ Kc7 35.Ba5+ Kd6
36.c7 Be6 37.Ba6 Nf6 38.c8=Q Bxc8 39.Bxc8 e5 40.Bb4+ Kd5 41.Bb7+ Ke6 42.Bc3 Nh5
43.g3 Ng7 44.Be4 h6 45.Ke2 Kd6 46.Bb4+ Ke6 47.Bd2  1-0

[Event "FIDE World Blitz 2014"]
[Site "Dubai UAE"]
[Date "2014.06.19"]
[Round "6.5"]
[White "Lu Shanglei"]
[Black "Dreev,A"]
[Result "1-0"]
[WhiteElo "2546"]
[BlackElo "2667"]

1.e4 c6 2.Nc3 d5 3.Nf3 Bg4 4.h3 Bxf3 5.Qxf3 e6 6.d4 dxe4 7.Nxe4 Qxd4 8.c3 Qd5
9.Be3 Nd7 10.Rd1 Ne5 11.Qf4 Qa5 12.Nc5 Qc7 13.Nd7 f6 14.Nxf8 Kxf8 15.Bc5+ Ke8
16.Bd6 Qa5 17.b4 Qxa2 18.Bxe5 fxe5 19.Qxe5 Nf6 20.c4 Qb3 21.Qxe6+ Kf8 22.Qd6+ Kf7
23.Qc7+ Kf8 24.Qd6+ Kf7 25.Qc7+ Kf8 26.Qd6+ Kf7 27.Qc7+ Kf8 28.Qd6+ Kf7 29.Qc7+ Kf8
30.Qd6+ Kf7 31.Qc7+ Kg8 32.Be2 Qxb4+ 33.Kf1 Re8 34.Bf3 Qe7 35.Qa5 Kf7 36.Qxa7 Ra8
37.Qb6 Rhd8 38.Rxd8 Rxd8 39.g4 Rd2 40.Kg2 Ne4 41.Re1 Qc5 42.Qxc5 Nxc5 43.Rb1 Kf6
44.Kg3 Ke5 45.Re1+ Kd6 46.Rb1 Kc7  1-0

[Event "FIDE World Blitz 2014"]
[Site "Dubai UAE"]
[Date "2014.06.19"]
[Round "7.9"]
[White "Dreev,A"]
[Black "Aronian,L"]
[Result "1-0"]
[WhiteElo "2667"]
[BlackElo "2815"]

1.d4 d6 2.c4 e5 3.Nc3 exd4 4.Qxd4 Nc6 5.Qd2 g6 6.g3 Bg7 7.Bg2 Nf6 8.b3 O-O
9.Bb2 a5 10.Nf3 Re8 11.O-O Bf5 12.Nh4 Bd7 13.Rad1 Qc8 14.Rfe1 Ne5 15.Nf3 Nxf3+
16.Bxf3 Bc6 17.Nd5 Bxd5 18.cxd5 Nd7 19.Bxg7 Kxg7 20.Qc3+ Nf6 21.Rc1 Re7 22.e4 Qd7
23.Bg2 Qb5 24.Re3 Qb4 25.Qb2 a4 26.Rf3 Re5 27.Rxf6 axb3 28.axb3 Kxf6 29.f4 Re8
30.fxe5+ Rxe5 31.Qf2+  1-0

[Event "FIDE World Blitz 2014"]
[Site "Dubai UAE"]
[Date "2014.06.19"]
[Round "8.7"]
[White "Bacrot,E"]
[Black "Dreev,A"]
[Result "1/2-1/2"]
[WhiteElo "2720"]
[BlackElo "2667"]

1.Nf3 d5 2.g3 c6 3.Bg2 Bf5 4.d3 e6 5.Nbd2 Nf6 6.b3 a5 7.Bb2 Be7 8.Nh4 Bg6
9.O-O Bh5 10.a3 O-O 11.Qe1 c5 12.e4 Nc6 13.h3 dxe4 14.dxe4 Nd4 15.g4 Nxc2
16.Qc1 Nxa1 17.gxh5 Nxh5 18.Nhf3 Nxb3 19.Nxb3 b5 20.Rd1 Qc7 21.Be5 Qa7 22.a4 bxa4
23.Nbd2 Rfd8 24.Nc4 Rxd1+ 25.Qxd1 Qb7 26.Qxa4 Qb4 27.Qc6 Rf8 28.Nb6 c4 29.Kh2 Qc5
30.Qb7 Bd6 31.Nd7 Bxe5+ 32.Nfxe5 Qe7 33.Nc6 Qd6+ 34.e5 Qa3 35.Ne7+ Kh8 36.Nxf8 g6
37.Nxe6 fxe6 38.Qc8+ Kg7 39.Qxe6 Qc1 40.Nd5 c3 41.Qe7+ Kh6 42.Qf8+ Ng7 43.Qf4+ Qxf4+
44.Nxf4 c2 45.Ne2 a4 46.Be4 a3 47.Nc1 Kg5 48.Bxc2 Kf4 49.Nd3+ Ke4 50.e6 Kd4
51.Nc1 Nxe6 52.Bb3 Nc5 53.Bg8  1/2-1/2

[Event "FIDE World Blitz 2014"]
[Site "Dubai UAE"]
[Date "2014.06.19"]
[Round "9.9"]
[White "Dreev,A"]
[Black "Cheparinov,I"]
[Result "1/2-1/2"]
[WhiteElo "2667"]
[BlackElo "2682"]

1.d4 Nf6 2.c4 g6 3.Nc3 Bg7 4.Nf3 d6 5.e3 O-O 6.Be2 Nbd7 7.Qc2 e5 8.O-O Re8
9.Rd1 c6 10.dxe5 dxe5 11.Ng5 Qe7 12.Nge4 Nxe4 13.Nxe4 Nc5 14.Nxc5 Qxc5 15.e4 Be6
16.Be3 Qe7 17.c5 Red8 18.Bc4 h5 19.Qb3 Bxc4 20.Qxc4 Bf6 21.g3 h4 22.Kg2 Bg5
23.Bxg5 Qxg5 24.Qe2 Kg7 25.Rxd8 Rxd8 26.Rd1 Qe7 27.b4 Rxd1 28.Qxd1 hxg3 29.hxg3 Qe6
30.Qe2 Qd7 31.Qe3 Qd1 32.Qc3 Kf6 33.Qa3 Qe2 34.Qf3+ Qxf3+ 35.Kxf3 Kg5 36.Kg2 f5
37.Kf3 Kf6 38.Ke3 Ke6 39.f3 Kf6 40.a3 Ke6 41.Kd3 Kf6 42.Ke3 Ke6  1/2-1/2

[Event "FIDE World Blitz 2014"]
[Site "Dubai UAE"]
[Date "2014.06.19"]
[Round "10.9"]
[White "Michalik,P"]
[Black "Dreev,A"]
[Result "0-1"]
[WhiteElo "2557"]
[BlackElo "2667"]

1.d4 d5 2.c4 c6 3.cxd5 cxd5 4.Nc3 Nf6 5.Bf4 Nc6 6.e3 Bg4 7.Qb3 Na5 8.Qa4+ Bd7
9.Qc2 e6 10.Bd3 Nc6 11.a3 Nh5 12.Bg3 Nxg3 13.hxg3 g6 14.Nf3 Bg7 15.O-O Rc8
16.Rac1 O-O 17.Qe2 a6 18.Rc2 Qa5 19.Rfc1 Rc7 20.Na2 Rfc8 21.Rc3 Qb6 22.b4 Na7
23.Rc5 Bf8 24.Ne5 Be8 25.Qc2 Bd6 26.f4 Nc6 27.Rc3 Nxe5 28.fxe5 Rxc3 29.Nxc3 Bxe5
30.Qd1 Bxd4 31.exd4 Qxd4+ 32.Kh2 Rxc3 33.Rxc3 Qxc3 34.Qf3 Qxa3  0-1

[Event "FIDE World Blitz 2014"]
[Site "Dubai UAE"]
[Date "2014.06.19"]
[Round "11.6"]
[White "Anand,V"]
[Black "Dreev,A"]
[Result "1-0"]
[WhiteElo "2785"]
[BlackElo "2667"]

1.e4 c6 2.d4 d5 3.e5 Bf5 4.Nf3 e6 5.Be2 Ne7 6.O-O Bg6 7.Nh4 Nf5 8.Nxf5 Bxf5
9.Be3 Nd7 10.Nd2 Be7 11.g4 Bg6 12.f4 f6 13.c3 O-O 14.Nf3 Be4 15.exf6 Nxf6
16.Ng5 Qd7 17.Nxe4 Nxe4 18.Bd3 Nd6 19.Qc2 h6 20.Rae1 Bh4 21.Re2 Rf6 22.Bc1 Raf8
23.Bg6 Bg5 24.Ref2 Bh4 25.Rf3 e5 26.Bh7+ Kh8 27.dxe5 Qxg4+ 28.Kh1 Re6 29.exd6 Re1
30.Qd3 Rfe8 31.Bf5 Qh5 32.Bg6 Rxf1+ 33.Rxf1  1-0

[Event "FIDE World Blitz 2014"]
[Site "Dubai UAE"]
[Date "2014.06.20"]
[Round "12.9"]
[White "Dreev,A"]
[Black "Korobov,A"]
[Result "1-0"]
[WhiteElo "2667"]
[BlackElo "2680"]

1.d4 Nf6 2.c4 d6 3.Nc3 e5 4.Nf3 Nbd7 5.e3 g6 6.Be2 Bg7 7.O-O O-O 8.Qc2 Re8
9.Rd1 e4 10.Nd2 Qe7 11.b4 Nf8 12.Bb2 h5 13.Rac1 Bf5 14.d5 h4 15.h3 N8h7 16.c5 Ng5
17.Bf1 Nd7 18.Nb5 Ne5 19.Nd4 Rad8 20.Nxf5 gxf5 21.cxd6 cxd6 22.Bb5 Rf8 23.Qc7 Qf6
24.Nc4 f4 25.Nxe5 dxe5 26.exf4 Qxf4 27.Qc5 Qf5 28.Be2 Qg6 29.Kf1 f5 30.d6 Ne6
31.Qd5 Kh7 32.Bxe5 Rg8 33.Ke1 Bh6 34.Rc3 e3 35.fxe3 Rd7 36.Bf3 Bg7 37.Rd2 Ng5
38.Bxg7 Rgxg7 39.Kd1 Nf7 40.Qc4 Qf6 41.Rcd3 Ne5 42.Qd4 Rg6 43.Rc3 Rxd6 44.Rc7+ Kh6
45.Qf4+ Qg5 46.Qxe5 Rxd2+ 47.Kxd2 Qd8+ 48.Ke2  1-0